Geohydrology, ground-water quality, and simulated ground-water flow, Geauga County, Ohio /

Bibliographic Details
Main Authors: Eberts, Sandra M. (Author), Bair, E. Scott (Author), De Roche, Jeffrey T. (Author)
Corporate Author: Geauga County Planning Commission
Format: Government Document eBook
Language:English
Published: Columbus, Ohio : U.S. Geological Survey, 1990.
Series:Water-resources investigations report ; 90-4026.
Subjects:
Online Access:https://purl.fdlp.gov/GPO/gpo137182

MARC

Tag First Indicator Second Indicator Subfields
LEADER 00000cam a2200000 i 4500
001 in00004275504
005 20211120105452.0
006 m o d f
007 cr bn|||||||||
008 170306s1990 ohuabf ob f000 0 eng c
035 |a (OCoLC)ocn974646869 
042 |a pcc 
043 |a n-us-oh 
040 |a COP  |b eng  |e rda  |e pn  |c COP  |d OCLCO  |d OCLCF  |d GPO  |d MvI 
049 |a WWW 
074 |a 0624-B-05 (online) 
086 0 |a I 19.42/4:90-4026 
100 1 |a Eberts, Sandra M.,  |e author. 
245 1 0 |a Geohydrology, ground-water quality, and simulated ground-water flow, Geauga County, Ohio /  |c by Sandra M. Eberts, E. Scott Bair, and Jeffrey T. de Roche. 
246 3 |a Geohydrology, ground water quality, and simulated ground water flow, Geauga County, Ohio 
264 1 |a Columbus, Ohio :  |b U.S. Geological Survey,  |c 1990. 
300 |a 1 online resource (vii, 117 pages) :  |b illustrations, maps +  |e 2 plates. 
336 |a text  |b txt  |2 rdacontent 
337 |a computer  |b c  |2 rdamedia 
338 |a online resource  |b cr  |2 rdacarrier 
490 1 |a Water-resources investigations report ;  |v 90-4026 
500 |a "Prepared in cooperation with the Geauga County Planning Commission." 
504 |a Includes bibliographical references (pages 89-95). 
588 |a Description based on online resource; title from PDF title page (USGS viewed Nov. 12, 2015). 
650 0 |a Hydrogeology  |z Ohio  |z Geauga County. 
650 0 |a Groundwater  |z Ohio  |z Geauga County. 
650 0 |a Water  |x Distribution. 
650 7 |a Groundwater.  |2 fast  |0 (OCoLC)fst00948209 
650 7 |a Hydrogeology.  |2 fast  |0 (OCoLC)fst00965077 
650 7 |a Water  |x Distribution.  |2 fast  |0 (OCoLC)fst01171185 
651 7 |a Ohio  |z Geauga County.  |2 fast  |0 (OCoLC)fst01213680 
700 1 |a Bair, E. Scott,  |e author. 
700 1 |a De Roche, Jeffrey T.,  |e author. 
710 2 |a Geological Survey (U.S.),  |e issuing body. 
710 2 |a Geauga County Planning Commission. 
776 0 8 |i Print version:  |a Eberts, Sandra M.  |t Geohydrology, ground-water quality, and simulated ground-water flow, Geauga County, Ohio  |w (OCoLC)22712488 
830 0 |a Water-resources investigations report ;  |v 90-4026. 
856 4 0 |u https://purl.fdlp.gov/GPO/gpo137182  |t 0 
999 f f |s 6a6cc864-43ec-3222-9850-70038de61bc9  |i 31813d9a-560a-3b09-8db8-048ff274c12c  |t 0 
952 f f |a Texas A&M University  |b College Station  |c Electronic Resources  |d Available Online  |t 0  |e I 19.42/4:90-4026  |h Superintendent of Documents classification 
998 f f |a I 19.42/4:90-4026  |t 0  |l Available Online